| 000 | 00683nam a2200205Ia 4500 | ||
|---|---|---|---|
| 003 | OSt | ||
| 005 | 20251104161154.0 | ||
| 008 | 210210b1999 xxu||||| |||| 00| 0 eng d | ||
| 040 | _cAL | ||
| 041 | _aKannada | ||
| 082 | _aK894.9 KULT | ||
| 100 |
_aKULAKARNI (Pra V). _9204706 _dಕುಲಕರ್ಣಿ (ಪ್ರ ವಿ) |
||
| 245 |
_aTamilinalli Kannadada Virashaiva kratigalu. _bತಮಿಳಿನಲ್ಲಿ ಕನ್ನಡದ ವೀರಶೈವ ಕೃತಿಗಳು |
||
| 260 |
_aMadurai _bPrabhasa Bidugade _c1999 |
||
| 300 | _axiv,312 | ||
| 650 |
_aBasava Purana Prabhulingalile _9204707 |
||
| 690 |
_aKannada Criticism _9204708 |
||
| 906 | _aSG04061 | ||
| 942 |
_2ddc _cSG |
||
| 999 |
_c114895 _d114895 |
||